Catálogo público

Condiciones de manejo y explotación del ganado bovino lechero en seis municipios de la ciénega de Chapala, Michoacán; estudio a base de encuesta ganadera por muestreo estadístico / (Record no. 163458)

MARC details
000 -CABECERA
campo de control de longitud fija 00828nam a2200253Ia 4500
001 - NÚMERO DE CONTROL
campo de control Z_481
003 - IDENTIFICADOR DEL NÚMERO DE CONTROL
campo de control CHAP
008 - DATOS DE LONGITUD FIJA--INFORMACIÓN GENERAL
campo de control de longitud fija 220113s1970 xx 000 0 und d
010 ## - NÚMERO DE CONTROL DE LA BIBLIOTECA DEL CONGRESO
Número de control de LC 163458
040 ## - FUENTE DE LA CATALOGACIÓN
Centro/agencia transcriptor CHAP
090 ## - LOCALMENTE ASIGNADO TIPO-LC NÚMERO DE CLASIFICACIÓN (OCLC); NÚMERO DE CLASIFICACIÓN LOCAL (RLIN)
Número de clasificación (OCLC) (R) ; Numero de clasificación, CALL (RLIN) (NR) Tesis L 68
100 ## - ENTRADA PRINCIPAL--NOMBRE DE PERSONA
Nombre de persona Lara y Lara, Pedro Enrique
9 (RLIN) 64883
245 ## - MENCIÓN DE TÍTULO
Título Condiciones de manejo y explotación del ganado bovino lechero en seis municipios de la ciénega de Chapala, Michoacán; estudio a base de encuesta ganadera por muestreo estadístico /
Mención de responsabilidad, etc. Pedro Enrique Lara y Lara
260 ## - PUBLICACIÓN, DISTRIBUCIÓN, ETC.
Lugar de publicación, distribución, etc. Chapingo, Méx. :
Nombre del editor, distribuidor, etc. El autor,
Fecha de publicación, distribución, etc. 1970
300 ## - DESCRIPCIÓN FÍSICA
Extensión 94 h.
502 ## - NOTA DE TESIS
Nota de tesis Tesis (Ing. Agrónomo Esp. en Zootecnia) -- ENA. Departamento de Zootecnia
650 ## - PUNTO DE ACCESO ADICIONAL DE MATERIA--TÉRMINO DE MATERIA
Término de materia o nombre geográfico como elemento de entrada Ganado vacuno
Subdivisión general Michoacán
9 (RLIN) 45491
901 ## - ELEMENTOS DE DATOS A LOCAL LDA (RLIN)
a TESIS L 68
902 ## - ELEMENTOS DE DATOS B LOCAL, LDB (RLIN)
a M
910 ## - DATOS DE OPCIÓN DEL USUARIO (OCLC)
Datos de opción del usuario 1970
942 ## - ELEMENTOS DE PUNTO DE ACCESO ADICIONAL (KOHA)
Tipo de ítem Koha Tesis_
942 ## - ELEMENTOS DE PUNTO DE ACCESO ADICIONAL (KOHA)
Tipo de ítem Koha Tesis_
Holdings
Estado de retiro Estado de pérdida Fuente del sistema de clasificación o colocación Estado dañado Restricciones de uso No para préstamo Código de colección Localización permanente Ubicación/localización actual Fecha de adquisición Fuente de adquisición Total de préstamos Signatura topográfica completa Código de barras Fecha visto por última vez Fecha del último préstamo Número de copia Precio válido a partir de Tipo de ítem Koha
    Clasificación Universidad Autónoma de Chapingo   Préstamo interno   Tesis Zootecnia Zootecnia 09/11/2005 El autor 1 Tesis L37 68 1970 5101000104 03/10/2023 03/10/2023 Ej.1 18/01/2022 Tesis